Movies Quiz

Random Movies or Actor Quiz
Score 0/48 Timer 09:00
4 Plays Today
Words Movies % Correct
StarStar Wars: Episode IV - A New Hope
82.8%
VampireInterview with the Vampire: The Vampire Chronicles
79.6%
ListSchindler's List
79.4%
ShopLittle Shop of Horrors
77.3%
SideThe Blind Side
76.4%
WolfTeen Wolf
75.3%
AgeIce Age
73.3%
BookThe Book of Eli
66.9%
StarStar Trek
63.3%
KingThe Scorpion King
61.1%
BookSilver Linings Playbook
57.3%
ListThe Bucket List
57.2%
SideSideways
53.8%
SideWest Side Story
52.6%
BookThe Notebook
52.5%
AgeThe Age of Innocence
51.7%
SecretOn Her Majesty's Secret Service
50.2%
SecretSecret Window
47.2%
WonderIt's a Wonderful Life
46.9%
WolfThe Wolfman
44.7%
KingThe Fisher King
43%
VampireBuffy the Vampire Slayer
40.7%
DeadPirates of the Caribbean: Dead Man's Chest
38.9%
WonderWonder Boys
38.2%
Words Movies % Correct
VampireVampire in Brooklyn
31.5%
AgeElizabeth: The Golden Age
30.7%
KingKing Arthur
30.2%
KingThe Lion King
29.7%
SecretTop Secret!
29.2%
WonderAlice in Wonderland
28.8%
DeadBetter Off Dead...
27.7%
WolfAn American Werewolf in London
26.6%
StarRock Star
23.7%
ShopExit Through the Gift Shop
23%
ShopConfessions of a Shopaholic
22.5%
StarStardust
20.9%
ShopThe Shop Around the Corner
20.8%
VampireAbraham Lincoln: Vampire Hunter
17.5%
WonderMr. Magorium's Wonder Emporium
15.2%
DeadDrop Dead Gorgeous
12.5%
SideSide Effects
9.9%
BookBlack Book
8.9%
SecretThe Secret in Their Eyes
5.8%
DeadDead Man's Shoes
5.7%
WolfHour of the Wolf
4.3%
ListThe Hit List
4.1%
ListThe List of Adrian Messenger
3.6%
AgeAge of Heroes
2.6%

You're not logged in!

Compare scores with friends on all Sporcle quizzes.
OR
Log In

Sporcle TV

Today on Sporcle TV


Watch our educational content, quiz creation guides, and fun videos on Sporcle TV.

Show Comments

Extras

Top Quizzes Today


Score Distribution

Paid Content

Your Account Isn't Verified!

In order to create a playlist on Sporcle, you need to verify the email address you used during registration. Go to your Sporcle Settings to finish the process.

Report this User

Report this user for behavior that violates our Community Guidelines.

Details: